ARTIK ARKADAŞ DEĞİLMİYİZ (Record no. 762617)

MARC details
000 -LEADER
sabit uzunluktaki kontrol alanı 00259nam a2200097Ia 4500
001 - KONTROL NUMARASI
kontrol alanı 762617
005 - EN SON İŞLEMİN TARİH VE ZAMANI
kontrol alanı 20250826165229.0
008 - SABİT-UZUNLUKTA VERİ ÖĞELERİ--GENEL BİLGİ
sabit uzunluktaki kontrol alanı 250824s9999 xx 000 0 und d
245 #0 - ESER / YAZAR
ESER ADI ARTIK ARKADAŞ DEĞİLMİYİZ
Yazar Adı NANCY KRULİK
260 ## - YAYIN, DAĞITIM, VB.
YAYIN EVİ BEYAZ BALİNA YAYINLARI
Holdings
Düşüm durumu Kayıp durumu Hasar Durumu Ödünç verilmez Ana kütüphane Geçerli Kütüphane Edinilen tarih Toplam ödünç verme sayısı Barkod Son görüntüleme tarihi Son ödünç verme tarihi Fiyatın geçerli olmaya başladığı tarih Koha materyal türü
        KEMAL AKPINAR İMAM HATİP ORTAOKULU KEMAL AKPINAR İMAM HATİP ORTAOKULU 24.08.2025 3 10283030 09.03.2026 23.02.2026 26.08.2025 Books